Quy định mới về xử lý trách nhiệm vật chất đối với cán bộ công chức

Pháp lệnh này quy định về cán bộ công chức

Tallennettuna:
Bibliografiset tiedot
Aineistotyyppi: Kirja
Kieli:Undetermined
Julkaistu: Hà Nội Chính trị Quốc gia 2007
Aiheet:
Tagit: Lisää tagi
Ei tageja, Lisää ensimmäinen tagi!
Thư viện lưu trữ: Trung tâm Học liệu Trường Đại học Cần Thơ
LEADER 00751nam a2200205Ia 4500
001 CTU_136828
008 210402s9999 xx 000 0 und d
020 |c 8000 
082 |a 342.597068 
082 |b Qu600 
245 0 |a Quy định mới về xử lý trách nhiệm vật chất đối với cán bộ công chức 
260 |a Hà Nội 
260 |b Chính trị Quốc gia 
260 |c 2007 
520 |a Pháp lệnh này quy định về cán bộ công chức 
650 |a Civil service,Personnel administration,Trung tâm Học liệu ĐHCT 
650 |x Nhân viên nhà nước 
650 |z Vietnam 
904 |i Năm 
980 |a Trung tâm Học liệu Trường Đại học Cần Thơ